[Event "TUR Cup"]
[Site "Adapazari"]
[Date "2022.03.26"]
[Round "3"]
[White "Karadag, Eflatun Cem"]
[Black "Ari, Ahmet"]
[Result "1-0"]
[WhiteElo "1751"]
[BlackElo "1491"]
[PlyCount "101"]
[EventDate "2022.03.25"]
[EventType "swiss"]
[EventRounds "11"]
[EventCountry "TUR"]
[SourceTitle "EXT 2023"]
[Source "ChessBase"]
[SourceDate "2022.10.05"]
[SourceVersion "1"]
[SourceVersionDate "2022.10.05"]
[SourceQuality "1"]

1. e4 e5 2. Nf3 Nc6 3. d4 exd4 4. Bc4 h6 5. Nxd4 Nf6 6. Nxc6 bxc6 7. e5 Qe7 8. 0-0 Nh7 9. Bb3 Ba6 10. Re1 g6 11. Nc3 Bg7 12. Be3 0-0 13. Qd2 h5 14. Rad1 Rfd8 15. f4 d6 16. exd6 Rxd6 17. Qf2 Bxc3 18. bxc3 Rxd1 19. Rxd1 Nf6 20. Bc5 Qe4 21. Re1 Qf5 22. Re5 Qd7 23. h3 Nd5 24. f5 Re8 25. Rxe8+ Qxe8 26. fxg6 fxg6 27. Bxa7 Qe4 28. Bc5 Qe8 29. Bd4 Qf7 30. Be5 Qxf2+ 31. Kxf2 Kf8 32. c4 Nb6 33. c5 Nd7 34. Bxc7 Ke7 35. Bd6+ Kf6 36. c3 Kf5 37. Bc2+ Kf6 38. a4 g5 39. Bd1 Kg6 40. Be2 Bb7 41. a5 Nf6 42. Ke3 Nd5+ 43. Kd4 h4 44. a6 Ba8 45. Bg4 Nf6 46. Bc8 g4 47. Bb7 gxh3 48. gxh3 Bxb7 49. axb7 Nd7 50. b8Q Nxb8 51. Bxb8 1-0

[Event "TUR-chT Clubs"]
[Site "Konya"]
[Date "2019.07.17"]
[Round "2.18"]
[White "Kanza, Fazil"]
[Black "Ari, Ahmet"]
[Result "1-0"]
[WhiteElo "1462"]
[BlackElo "1574"]
[PlyCount "103"]
[EventDate "2019.07.16"]
[EventType "team-swiss"]
[EventRounds "9"]
[EventCountry "TUR"]
[SourceTitle "CBM 191 Extra"]
[Source "ChessBase"]
[SourceDate "2019.09.30"]
[SourceVersion "1"]
[SourceVersionDate "2019.09.30"]
[SourceQuality "1"]
[WhiteTeam "Bolu Dernegi"]
[BlackTeam "Nigde"]
[WhiteTeamCountry "TUR"]
[BlackTeamCountry "TUR"]

1. e4 e5 2. f4 d5 3. exd5 exf4 4. Bb5+ Bd7 5. Qe2+ Be7 6. Nf3 Nf6 7. Bxd7+ Qxd7 8. c4 0-0 9. 0-0 Re8 10. d4 c5 11. Ne5 Qc7 12. Bxf4 Bd6 13. Nc3 a6 14. Rae1 cxd4 15. Na4 Nbd7 16. c5 Nxc5 17. Nxc5 Qxc5 18. Qf3 Qxd5 19. Qxd5 Nxd5 20. Bg3 f6 21. Nf3 Bxg3 22. hxg3 Ne3 23. Rf2 d3 24. Rd2 Rad8 25. b3 Kf7 26. Rc1 Re7 27. Ne1 Nf5 28. Kf2 Re2+ 29. Rxe2 dxe2 30. Rc7+ Kg6 31. Rxb7 Rd2 32. a4 Rb2 33. Rb6 a5 34. Nd3 e1Q+ 35. Kxe1 Rb1+ 36. Kf2 Kh6 37. b4 axb4 38. Rxb4 Ra1 39. g4 Nd6 40. g3 Nf7 41. Ke3 Ra3 42. Kd4 Kg5 43. Nf2 Ne5 44. Kc5 Rf3 45. Ne4+ Kg6 46. Kb6 Nxg4 47. a5 f5 48. Nc5 Rxg3 49. a6 Nf6 50. Kc6 Re3 51. a7 Nd5 52. a8Q 1-0

[Event "TUR Cup"]
[Site "Antalya"]
[Date "2019.01.30"]
[Round "6"]
[White "Ari, Ahmet"]
[Black "Ilbay, Hakki"]
[Result "1-0"]
[WhiteElo "1611"]
[BlackElo "1438"]
[PlyCount "63"]
[EventDate "2019.01.27"]
[EventType "swiss"]
[EventRounds "11"]
[EventCountry "TUR"]
[SourceTitle "CBM 188 Extra"]
[Source "ChessBase"]
[SourceDate "2019.02.26"]
[SourceVersion "1"]
[SourceVersionDate "2019.02.26"]
[SourceQuality "1"]

1. e4 e5 2. Nf3 Nc6 3. Bc4 Be7 4. c3 Nf6 5. d3 d6 6. Be3 0-0 7. h3 a6 8. Bb3 Na5 9. Bc2 c5 10. 0-0 Nc6 11. Nbd2 b5 12. Re1 h6 13. Nf1 Re8 14. Ng3 Bf8 15. Qd2 Kh7 16. Rf1 Be6 17. Nh2 d5 18. d4 cxd4 19. exd5+ g6 20. dxe6 dxe3 21. Qxd8 Rexd8 22. fxe3 Kg7 23. exf7 Rd2 24. Rac1 Rad8 25. Nf3 R2d7 26. Nh4 Bc5 27. Rce1 Rd2 28. Bb3 Rxb2 29. Rxf6 Bxe3+ 30. Rxe3 Kxf6 31. Ne4+ Kg7 32. Nc5 1-0

[Event "TUR Cup										"]
[Site "Antalya"]
[Date "2018.02.01"]
[Round "9"]
[White "Ari, Ahmet"]
[Black "Lokman, Hilmi Merih"]
[Result "1-0"]
[WhiteElo "1640"]
[BlackElo "1578"]
[PlyCount "27"]
[EventDate "2018.01.27"]
[EventType "swiss"]
[EventRounds "11"]
[EventCountry "TUR"]
[SourceTitle "CBM 182 Extra"]
[Source "ChessBase"]
[SourceDate "2018.02.23"]
[SourceVersion "1"]
[SourceVersionDate "2018.02.23"]
[SourceQuality "1"]

1. e4 c6 2. d4 d5 3. e5 Bf5 4. Nf3 e6 5. Bd3 Bxd3 6. Qxd3 Qb6 7. b3 Ne7 8. 0-0 Ng6 9. Be3 Be7 10. Nbd2 Nd7 11. Ng5 c5 12. c3 0-0 13. f4 Nh4 14. Qxh7# 1-0

[Event "TUR-chT2"]
[Site "Konya"]
[Date "2017.07.13"]
[Round "7.25"]
[White "Atila, Furkan Omer"]
[Black "Ari, Ahmet"]
[Result "0-1"]
[WhiteElo "1195"]
[BlackElo "1650"]
[PlyCount "180"]
[EventDate "2017.07.09"]
[EventType "team-swiss"]
[EventRounds "9"]
[EventCountry "TUR"]
[SourceTitle "CBM 179 Extra"]
[Source "ChessBase"]
[SourceDate "2017.08.23"]
[SourceVersion "1"]
[SourceVersionDate "2017.08.23"]
[SourceQuality "1"]
[WhiteTeam "Harput Genclik"]
[BlackTeam "Nigde"]
[WhiteTeamCountry "TUR"]
[BlackTeamCountry "TUR"]

1. e4 e5 2. Nf3 d6 3. Bc4 h6 4. 0-0 Nf6 5. Re1 Be7 6. c3 Bg4 7. h3 Bh5 8. d4 exd4 9. cxd4 0-0 10. Nc3 Nc6 11. d5 Ne5 12. Be2 Nfd7 13. Nxe5 Bxe2 14. Rxe2 dxe5 15. Re3 Bc5 16. Rg3 Qh4 17. Qg4 Qxg4 18. Rxg4 Kh7 19. Rg3 f5 20. exf5 Rxf5 21. Be3 Bd6 22. Nb5 Nf6 23. Nxd6 cxd6 24. Rd1 a6 25. Bb6 Rc8 26. Rc3 Rxc3 27. bxc3 Ne4 28. Rc1 Rf7 29. c4 g5 30. a4 Kg6 31. a5 Rd7 32. Rc2 Kf5 33. g4+ Kg6 34. f3 Nf6 35. Re2 Rf7 36. Kg2 Nd7 37. Bc7 Rf6 38. Bd8 Rf4 39. Rc2 Kf7 40. Rb2 Rxc4 41. Rxb7 Ke8 42. Bc7 Rc5 43. Bxd6 Rxa5 44. Ra7 Rxd5 45. Rxa6 Kf7 46. Ba3 Nf6 47. Kf2 Rd2+ 48. Kg3 Rd5 49. Kg2 Rd2+ 50. Kg1 Nd5 51. Ra5 Nf4 52. Rxe5 Nxh3+ 53. Kh1 Nf2+ 54. Kg1 Nh3+ 55. Kh1 Nf4 56. Rf5+ Kg6 57. Be7 Re2 58. Bd6 Ng2 59. Kg1 Nh4 60. Rf8 Rd2 61. Bc5 Rd3 62. Kf2 Kg7 63. Ke2 Rd5 64. Bb4 Ng6 65. Re8 Nf4+ 66. Kf2 Nd3+ 67. Ke3 Nxb4 68. Ke4 Rd7 69. Rb8 Rd4+ 70. Ke3 Rf4 71. Rb7+ Kf8 72. Rh7 Nd5+ 73. Ke2 Rf6 74. Kf2 Ne7 75. Ke3 Ng8 76. Ra7 Ne7 77. Kf2 Kf7 78. Rb7 Re6 79. Kg3 Kg6 80. Rb5 Nc6 81. Rb6 Rf6 82. Ra6 Nd4 83. Ra3 Nc2 84. Rc3 Nd4 85. Ra3 Ne2+ 86. Kf2 Nd4 87. Kg3 Nb5 88. Rb3 Nd6 89. Ra3 Re6 90. Ra6 Ne4+ 0-1

[Event "TUR-chT2"]
[Site "Konya"]
[Date "2017.07.09"]
[Round "1.20"]
[White "Ozturkler, Baris"]
[Black "Ari, Ahmet"]
[Result "1-0"]
[WhiteElo "1997"]
[BlackElo "1650"]
[PlyCount "75"]
[EventDate "2017.07.09"]
[EventType "team-swiss"]
[EventRounds "9"]
[EventCountry "TUR"]
[SourceTitle "CBM 179 Extra"]
[Source "ChessBase"]
[SourceDate "2017.08.23"]
[SourceVersion "1"]
[SourceVersionDate "2017.08.23"]
[SourceQuality "1"]
[WhiteTeam "Genclik Merkezi Genc"]
[BlackTeam "Nigde"]
[WhiteTeamCountry "TUR"]
[BlackTeamCountry "TUR"]

1. e4 e5 2. Nf3 Nc6 3. Bc4 h6 4. c3 Bc5 5. b4 Bb6 6. d3 d6 7. Nbd2 Nf6 8. 0-0 Bg4 9. Re1 0-0 10. Bb3 a5 11. b5 Ne7 12. Nc4 Ba7 13. Be3 Bxe3 14. Nxe3 Bh5 15. h3 Qd7 16. a4 b6 17. g4 Nxg4 18. hxg4 Bxg4 19. Nxe5 Bxd1 20. Nxd7 Bxb3 21. Nxf8 Rxf8 22. c4 f5 23. Ra3 f4 24. Ng2 Bc2 25. Rc1 Bxa4 26. Rxa4 Ng6 27. f3 Ne5 28. Ne1 Rf6 29. d4 Ng6 30. c5 dxc5 31. dxc5 Ne5 32. cxb6 cxb6 33. Rd4 Kh7 34. Kf2 g5 35. Nd3 Nf7 36. Rd7 Kg6 37. Rc6 h5 38. e5 1-0

[Event "TUR Cup"]
[Site "Antalya"]
[Date "2017.01.28"]
[Round "1"]
[White "Metin, Mehmet"]
[Black "Ari, Ahmet"]
[Result "1-0"]
[WhiteElo "2170"]
[BlackElo "1589"]
[PlyCount "65"]
[EventDate "2017.01.28"]
[EventType "swiss"]
[EventRounds "11"]
[EventCountry "TUR"]
[SourceTitle "CBM 176 Extra"]
[Source "ChessBase"]
[SourceDate "2017.03.02"]
[SourceVersion "1"]
[SourceVersionDate "2017.03.02"]
[SourceQuality "1"]

1. e4 e5 2. Nf3 Nc6 3. d4 exd4 4. Nxd4 Qf6 5. Be3 Bc5 6. c3 Nge7 7. g3 d5 8. Bg2 Be6 9. Nxe6 Bxe3 10. Nxc7+ Kd7 11. fxe3 Kxc7 12. exd5 Rad8 13. Na3 a6 14. Qd2 Rhe8 15. 0-0-0 b5 16. Rhf1 Qg6 17. e4 Nc8 18. Nc2 Ne5 19. Nd4 Nd6 20. Nf5 Ndc4 21. Qd4 Nb6 22. Kb1 f6 23. Qc5+ Kb7 24. Nd6+ Rxd6 25. Qxd6 Qf7 26. b3 Rc8 27. Qxe5 Qf8 28. Qd4 Qa3 29. e5 a5 30. d6+ Ka6 31. d7 Rd8 32. Qe4 b4 33. Qb7+ 1-0